Como desenvolver a Inteligência Emocional (Record no. 45174)

MARC details
000 -Etiqueta do registo
Valores 00455nam a2200169 4500
100 ## - Dados gerais de processamento
Dados gerais 20251118 pory50
101 ## - Língua de publicação
Língua por
102 ## - País de publicação
País PT
200 ## - Titulo e menção de responsabilidade
Título próprio Como desenvolver a Inteligência Emocional
Primeira menção de responsabilidade Oliver James
Outras menções de responsabilidade trad. Multilingues Lda.
210 ## - Publicação
Local de publicação [S.l.]
Nome do editor Lua de Papel - Leya
-- dist. Expresso
Data de publicação 2019
215 ## - Descrição física 
Paginação / Volumes 165 p.
Outras indicações físicas il.
225 ## - Colecção 
Título próprio da colecção The School of Life
675 ## - CDU
Notação 159.142
801 ## - Fonte de origem
País PT
Regras de catalogação RPC
990 ## - Elementos KOHA
Tipo de documento Livro
Holdings
Aquisição Empréstimo Código de barras Cota Permissão de empréstimo Tipo de documento
Biblioteca Municipal de Redondo Biblioteca Municipal de Redondo 055871 159.142 JAM   Livro

Powered by Koha